000 00629nam a2200217Ia 4500
003 GCL
008 140319s9999 xx 000 0 eng d
040 _aGCL /
_cGCL
082 0 4 _a012.24
_bW H
100 1 _aWARD, PATRICIA LAZOLL
245 1 0 _aHUMAN DEVELOPMENT: COMPTENCIES FOR THE TWENTY - FIRST CENTURY /
_cWARD, PATRICIA LAZOLL
700 1 _aWEINGAND, DARLENE E
260 _a[S.N] :
_bK.G. SAUR ،
_c1997
300 _a400 P
650 0 4 _aEDUCATION - PLANNING
650 0 4 _aINFORMATION SCIENCE
650 0 4 _aCONTINOUS EDUCATION
650 0 4 _aINFORMATION CENTERS
650 0 4 _aEDUCATION - NEEDS
942 _2ddc
_cBK
999 _c16310
_d16310